000 00436nam a22001817a 4500
003 NUST
020 _a9788131708156
038 _aKhadija
082 _a621.3104
_bWIL
100 _aWildi, Theodore.
_918392
245 _aElectrical Machines, Drives and Power Systems
250 _a6th ed.
260 _aNew Delhi :
_bPrentice Hall,
_c2013.
300 _a934 p. ;
_b24 cm.
500 _aPaperback.
563 _aPB
942 _cBK
_2ddc
999 _c33445
_d33445